000
00343nam a2200145Ia 4500
008
150201s1990 xx 000 0 und d
082
_a
616.0707
_b
S1990B
100
_a
BHASHKER,S.N
245
_a
SYNOPSIS OF ORAL PATHOLOGY
250
_a
1ST
260
_b
AITBS
_a
DELHI
_c
1990
300
_a
1-805
650
_a
ORAL PATHOLOGY
942
_2
ddc
_c
BK
999
_c
2935
_d
2935